000 00663nam a2200217 u 4500
001 000054963
005 20200120222940.0
008 130530s1981 sp a gr 000 0 spa d
020 _a8422613042
041 0 _a*spa
_heng
082 0 4 _a614.853
_bW15
_221
100 1 _aWalker, Tom.
245 1 0 _aGuía práctica de la seguridad en el hogar /
_cTom Walker ; traducción: Luis Ogg.
250 _a1a. ed.
260 _aBarcelona :
_bCirculo de lectores,
_c1981.
300 _a126 p. :
_bil.
500 _aTítulo original : Home security handbook.
650 1 4 _aAccidentes domésticos
_xPrevención
650 2 4 _aAparatos de seguridad
700 1 _aOgg, Luis,
_etr.
999 _c4531
_d4531